Catalog

Record Details

Catalog Search



Hry a aktivity pro zkoumání emocí : pro děti školního věku  Cover Image Book Book

Hry a aktivity pro zkoumání emocí : pro děti školního věku / Vanessa Rogers ; z anglického originálu Games and activities for exploring feelings with children přeložila Kateřina Pietrasová

Record details

  • ISBN: 978-80-262-0920-1
  • Physical Description: 143 stran : ilustrace ; 21 cm
  • Edition: Vydání první
  • Publisher: Praha : Portál, 2015
Subject: děti a mládež
prevence (sociální problémy)
pedagogika volného času
výchova mládeže
sociálněpsychologické hry
Genre: příručky
pracovní listy

Available copies

  • 1 of 1 copy available at Common Catalog SPOK.

Holds

  • 0 current holds with 1 total copy.
Show Only Available Copies
Location Call Number / Copy Notes Barcode Shelving Location Status Due Date
Jabok Library Ped-9 /R 424480036790 Odborná literatura Available -

LDR 01850nam a22005053i 4500
00123369
003CZ-PrJAB
00520151103145937.0
007ta
008151013s2015 xr a f 000 0 cze d
020 . ‡a978-80-262-0920-1 ‡q(brožováno)
035 . ‡a(CZ PrSKC)0604898
040 . ‡aOLD012 ‡bcze ‡erda
0411 . ‡acze ‡heng
072 7. ‡a37 ‡xVýchova a vzdělávání ‡2Konspekt ‡922
080 . ‡a371.382:316.6 ‡2MRF
080 . ‡a37.03-053.6 ‡2MRF
080 . ‡a379.8 ‡2MRF
080 . ‡a364-212 ‡2MRF
080 . ‡a37.03:364-212 ‡2MRF
080 . ‡a316.346.32-053.2 ‡2MRF
080 . ‡a(076.1) ‡2MRF
080 . ‡a(035) ‡2MRF
1001 . ‡aRogers, Vanessa, ‡d1963- ‡7jo2011655075 ‡4aut
24010. ‡aGames and activities for exploring feelings with children. ‡lČesky
24510. ‡aHry a aktivity pro zkoumání emocí : ‡bpro děti školního věku / ‡cVanessa Rogers ; z anglického originálu Games and activities for exploring feelings with children přeložila Kateřina Pietrasová
250 . ‡aVydání první
264 1. ‡aPraha : ‡bPortál, ‡c2015
300 . ‡a143 stran : ‡bilustrace ; ‡c21 cm
336 . ‡atext ‡btxt ‡2rdacontent
337 . ‡abez média ‡bn ‡2rdamedia
338 . ‡asvazek ‡bnc ‡2rdacarrier
65007. ‡aděti a mládež ‡7ph119707 ‡2czenas
65007. ‡aprevence (sociální problémy) ‡7ph138923 ‡2czenas
65007. ‡apedagogika volného času ‡7ph115704 ‡2czenas
65007. ‡avýchova mládeže ‡7ph127427 ‡2czenas
65007. ‡asociálněpsychologické hry ‡7ph173208 ‡2czenas
655 7. ‡apříručky ‡7fd133209 ‡2czenas
655 7. ‡apracovní listy ‡7fd250497 ‡2czenas
7001 . ‡aPietrasová, Kateřina, ‡d1969- ‡7xx0117166 ‡4trl
910 . ‡aABG312
901 . ‡a23369 ‡b ‡c23369 ‡tbiblio

Additional Resources